[Event "Frankfurt Ch A 2015"]
[Site "Ffm-Höchst, BiKuZ"]
[Date "2015.06.08"]
[Round "6.49"]
[White "Thede, Stefan"]
[Black "Manasek, Martin"]
[Result "1-0"]
[WhiteElo "1608"]
[BlackElo "1362"]
[PlyCount "67"]
[EventDate "2015.??.??"]
[WhiteTeam "SV Frankfurt Nord"]
[BlackTeam "Bad Vilbeler Sfr"]

1. Nf3 c5 2. d3 Nc6 3. g3 Nf6 4. Bg2 g6 5. O-O Bg7 6. e4 e5 7. c3 d6 8. Na3 a6
9. Bd2 O-O 10. Qc1 Be6 11. Bh6 Rc8 12. Bxg7 Kxg7 13. h3 Nh5 14. Ng5 Qd7 15.
Nxe6+ Qxe6 16. Qe3 f5 17. exf5 gxf5 18. f4 Qg6 19. Kh2 exf4 20. gxf4 Rce8 21.
Qf2 Kh8 22. Bd5 Qh6 23. Nc4 Nf6 24. Qf3 Nxd5 25. Rf2 Nc7 26. Ne3 Qe6 27. Re1
Qd7 28. Qh5 d5 29. d4 cxd4 30. cxd4 Nxd4 31. Qh6 Nc6 32. Rg2 Nd4 33. Rg3 Qe6
34. Qg7# 1-0

[Event "Frankfurt Ch A 2015"]
[Site "Ffm-Höchst, BiKuZ"]
[Date "2015.06.08"]
[Round "6.51"]
[White "Leichum, Engelbert"]
[Black "Plattner, Rolf"]
[Result "0-1"]
[WhiteElo "1578"]
[BlackElo "1711"]
[PlyCount "86"]
[EventDate "2015.??.??"]
[WhiteTeam "vereinslos"]
[BlackTeam "SK Langen"]

1. e4 c5 2. d4 cxd4 3. c3 d3 4. Bxd3 d6 5. Nf3 Nc6 6. Bc4 Nf6 7. O-O e6 8. Bg5
Be7 9. Re1 Qc7 10. Bb3 b5 11. Na3 a6 12. Nc2 Na5 13. Ncd4 Nxb3 14. Qxb3 O-O 15.
Rac1 Rb8 16. c4 b4 17. h3 Bd7 18. e5 dxe5 19. Nxe5 Rfd8 20. Qg3 Nh5 21. Qf3 Be8
22. Nec6 Bxg5 23. Qxh5 Bxc1 24. Qc5 Bxc6 25. Qxc6 Qxc6 26. Nxc6 Bxb2 27. Nxd8
Rxd8 28. Rb1 Bc3 29. Rb3 a5 30. a3 Rd1+ 31. Kh2 a4 32. c5 Be5+ 33. f4 Bxf4+ 34.
g3 Rd2+ 35. Kg1 Be3+ 36. Rxe3 b3 37. Re4 g6 38. Rxa4 Rc2 39. Rb4 b2 40. c6 Rc1+
41. Kf2 b1=Q 42. Rxb1 Rxb1 43. Ke2 Rc1 0-1

[Event "Frankfurt Ch A 2015"]
[Site "Ffm-Höchst, BiKuZ"]
[Date "2015.06.08"]
[Round "6.52"]
[White "Gude, Michael"]
[Black "Kletzerman, Simon"]
[Result "1-0"]
[WhiteElo "1661"]
[BlackElo "1531"]
[PlyCount "63"]
[EventDate "2015.??.??"]
[WhiteTeam "SF Fürth"]
[BlackTeam "TuS Makkabi"]

1. e4 e5 2. Nf3 Nf6 3. Nxe5 Nxe4 4. Qe2 Qe7 5. Qxe4 d6 6. d4 f6 7. f4 Nd7 8.
Be2 g6 9. Nxd7 Qxe4 10. Nxf6+ Kf7 11. Nxe4 Bf5 12. Nbc3 Re8 13. Ng5+ Kg7 14.
Bd2 Bxc2 15. d5 Bf5 16. O-O-O h6 17. Ne6+ Bxe6 18. dxe6 Rxe6 19. Bc4 Re8 20.
Nd5 Be7 21. Nxe7 Rxe7 22. Bc3+ Kh7 23. Bxh8 Kxh8 24. Rhe1 Rg7 25. Re8+ Kh7 26.
Rde1 c6 27. Rf8 d5 28. Ree8 Rd7 29. Bd3 Kg7 30. Rg8+ Kf6 31. Rxg6+ Kf7 32. Re5
1-0

[Event "Frankfurt Ch A 2015"]
[Site "Ffm-Höchst, BiKuZ"]
[Date "2015.06.08"]
[Round "6.53"]
[White "Bergmann, Michael"]
[Black "Wagner, Günter"]
[Result "1-0"]
[WhiteElo "1590"]
[BlackElo "1529"]
[PlyCount "99"]
[EventDate "2015.??.??"]
[WhiteTeam "SF Frankfurt"]
[BlackTeam "SV Groß-Gerau"]

1. e4 d6 2. d4 Nf6 3. Nc3 g6 4. Nf3 Bg7 5. Bd3 O-O 6. O-O c5 7. dxc5 dxc5 8.
Be3 b6 9. e5 Nd5 10. Be4 Nc7 11. Bxa8 Nxa8 12. Qxd8 Rxd8 13. Rad1 Re8 14. Bf4
Nc6 15. Rfe1 Nc7 16. Bg3 Bg4 17. h3 Bxf3 18. gxf3 Nd4 19. Kg2 Nxc2 20. Re4 Nd4
21. Ne2 Nce6 22. Nxd4 Nxd4 23. b4 e6 24. bxc5 bxc5 25. Rb1 Rc8 26. Rc1 Nf5 27.
Ra4 Rc7 28. f4 Bf8 29. Rc3 Rd7 30. Rca3 c4 31. Rc3 Rd2 32. Rxa7 Bc5 33. Ra8+
Kg7 34. Kf1 Bb4 35. Rxc4 Rd1+ 36. Kg2 Be1 37. Rc2 h5 38. h4 Rd3 39. Ra7 Nxg3
40. fxg3 Bxg3 41. Rcc7 Bxh4 42. Rxf7+ Kg8 43. Rg7+ Kf8 44. Rxg6 Rd2+ 45. Kh3
Be1 46. Rf6+ Kg8 47. Rxe6 Rd3+ 48. Kg2 Rg3+ 49. Kf1 Bd2 50. Re8# 1-0

[Event "Frankfurt Ch A 2015"]
[Site "Ffm-Höchst, BiKuZ"]
[Date "2015.06.08"]
[Round "6.54"]
[White "Muthig, Holger"]
[Black "Bergner, Matthias"]
[Result "1-0"]
[WhiteElo "1512"]
[BlackElo "1558"]
[PlyCount "61"]
[EventDate "2015.??.??"]
[WhiteTeam "vereinslos"]
[BlackTeam "SV Neu-Isenburg"]

1. d4 d5 2. c4 e6 3. Nc3 c6 4. Nf3 f5 5. e3 Nf6 6. Be2 Bd6 7. O-O O-O 8. b3
Nbd7 9. Bb2 Ne4 10. Rc1 Ndf6 11. Ne5 Nxc3 12. Bxc3 Ne4 13. Bb2 Qh4 14. f3 Ng5
15. Qe1 Qh6 16. Bd3 Nf7 17. f4 Nxe5 18. dxe5 Bb8 19. cxd5 cxd5 20. Ba3 Rd8 21.
Rf3 Bd7 22. Rh3 Qg6 23. Be7 Re8 24. Rg3 Qf7 25. Bf6 g6 26. h4 h5 27. Qe2 Kh7
28. Rg5 Bc6 29. g4 hxg4 30. h5 gxh5 31. Qh2 1-0

[Event "Frankfurt Ch A 2015"]
[Site "Ffm-Höchst, BiKuZ"]
[Date "2015.06.08"]
[Round "6.55"]
[White "Günther, Rainer"]
[Black "Lehmann, Gerit"]
[Result "1-0"]
[WhiteElo "1554"]
[BlackElo "1487"]
[PlyCount "45"]
[EventDate "2015.??.??"]
[WhiteTeam "SV Mainz-Mombach"]
[BlackTeam "SF Frankfurt"]

1. e4 e6 2. d4 d5 3. Nc3 dxe4 4. Nxe4 Be7 5. Nf3 Nd7 6. Bd3 Ngf6 7. Ng3 b6 8.
O-O Bb7 9. c3 O-O 10. Qe2 c5 11. Ne5 cxd4 12. cxd4 Nxe5 13. dxe5 Qd5 14. f3
Bc5+ 15. Kh1 Rfd8 16. Bc4 Qd4 17. exf6 Qh4 18. Ne4 Bxe4 19. fxe4 Rd4 20. Bf4 e5
21. g3 Qh3 22. Bxe5 Rdd8 23. fxg7 1-0

[Event "Frankfurt Ch A 2015"]
[Site "Ffm-Höchst, BiKuZ"]
[Date "2015.06.08"]
[Round "6.56"]
[White "John, Volkmar"]
[Black "Stulken, Dietmar"]
[Result "1-0"]
[WhiteElo "1540"]
[BlackElo "1392"]
[PlyCount "75"]
[EventDate "2015.??.??"]
[WhiteTeam "SK Herborn"]
[BlackTeam "SF Frankfurt"]

1. c4 c6 2. Nc3 d5 3. d4 e6 4. e3 Nf6 5. Nf3 Be7 6. Bd3 Nbd7 7. O-O O-O 8. Qc2
dxc4 9. Bxc4 b5 10. Bd3 Qc7 11. Nxb5 Qb6 12. Nc3 Bd6 13. e4 e5 14. dxe5 Nxe5
15. Nxe5 Bxe5 16. Be3 Qb8 17. f4 Ng4 18. Bc1 Bd4+ 19. Kh1 Qb6 20. h3 Qd8 21. g3
Nf2+ 22. Rxf2 Bxf2 23. Qxf2 Qxd3 24. Be3 Bxh3 25. Rd1 Qa6 26. Kh2 Bg4 27. Rd2
Rfe8 28. f5 Qb7 29. Qf4 h5 30. f6 gxf6 31. Qxf6 Qe7 32. Qxc6 Qe6 33. Rd6 Qc8
34. Qd5 Re6 35. Qg5+ Kf8 36. Bc5 Rxd6 37. Bxd6+ Ke8 38. Qe7# 1-0

[Event "Frankfurt Ch A 2015"]
[Site "Ffm-Höchst, BiKuZ"]
[Date "2015.06.08"]
[Round "6.57"]
[White "Winter, Olaf"]
[Black "Kirschner, Matthias"]
[Result "1-0"]
[WhiteElo "1597"]
[BlackElo "1573"]
[PlyCount "120"]
[EventDate "2015.??.??"]
[WhiteTeam "SK Bad Homburg"]
[BlackTeam "SV Nauheim"]

1. c4 d6 2. Nc3 e5 3. g3 Be7 4. Bg2 Nf6 5. e3 c6 6. Nge2 O-O 7. d3 Be6 8. h3
Qc7 9. a3 d5 10. cxd5 Nxd5 11. Qc2 Nd7 12. Bd2 N7f6 13. Rc1 Rfd8 14. d4 Nxc3
15. Bxc3 exd4 16. Nxd4 Bc4 17. Bf1 Bd5 18. Rg1 Ne4 19. Nf5 Nxc3 20. Nxe7+ Qxe7
21. Qxc3 Rd7 22. Be2 Rad8 23. f3 Be6 24. Bf1 Rd2 25. Qxd2 Rxd2 26. Kxd2 Qd7+
27. Kc3 Bxh3 28. Bxh3 Qxh3 29. Rcd1 g6 30. Rd2 Qf5 31. f4 Qa5+ 32. Kd3 Qb5+ 33.
Ke4 Qf5+ 34. Kf3 Qh5+ 35. g4 Qb5 36. g5 Qb6 37. Rh1 c5 38. Rdh2 Kf8 39. Rxh7
Qxb2 40. Rh8+ Ke7 41. Rb8 Qb3 42. Rhh8 Qd5+ 43. Kg3 Qd7 44. Rh2 c4 45. Kf3 c3
46. Ke4 Ke6 47. Kf3 Qd5+ 48. Kg3 Ke7 49. Rc8 Qb3 50. Rhh8 Qb5 51. Rxc3 Kd7 52.
Rhc8 Qa5 53. R8c5 Qb6 54. Kf3 Kd6 55. Ke4 Qb1+ 56. Kd4 Qd1+ 57. Kc4 Qe2+ 58.
Kb4 Qb2+ 59. Ka4 b6 60. Rc6+ Kd5 $138 1-0

[Event "Frankfurt Ch B 2015"]
[Site "Ffm-Höchst, BiKuZ"]
[Date "2015.06.08"]
[Round "6.1"]
[White "Lopez, Victor"]
[Black "Idrissi, Mourad"]
[Result "1/2-1/2"]
[WhiteElo "1442"]
[BlackElo "1212"]
[PlyCount "109"]
[EventDate "2015.??.??"]
[WhiteTeam "SC Höchst"]
[BlackTeam "VSG Offenbach"]

1. e4 c5 2. b3 d6 3. f4 a6 4. Bb2 e6 5. Nf3 Nc6 6. c4 Nf6 7. Nc3 Be7 8. d3 O-O
9. Be2 Ng4 10. Qd2 Bf6 11. Ng5 e5 12. Bxg4 Bxg5 13. fxg5 Bxg4 14. h3 Be6 15.
O-O-O Nd4 16. Nd5 Bxd5 17. cxd5 b5 18. h4 a5 19. Kb1 b4 20. Bxd4 exd4 21. Rc1
a4 22. Rc2 axb3 23. axb3 Ra3 24. Rb2 Qd7 25. Rf1 Rfa8 26. Kc2 Qg4 27. Qf2 R8a7
28. Qf3 Qxh4 29. Qf5 g6 30. Qf6 Rd7 31. e5 dxe5 32. Qxe5 Ra8 33. d6 Qg4 34. Rf2
Rc8 35. Ra2 Qe6 36. Re2 Re8 37. Qxe6 Rxe6 38. Ra8+ Kg7 39. Rxe6 fxe6 40. Rc8
Rxd6 41. Rc7+ Kf8 42. Rxc5 Rd5 43. Rxd5 exd5 44. Kd2 Kf7 45. Ke2 Ke6 46. g4 Kf7
47. Kf3 h6 48. gxh6 g5 49. Kg3 Kg6 50. h7 Kxh7 51. Kh3 Kg6 52. Kg2 Kf6 53. Kf2
Ke6 54. Kg2 Ke5 55. Kf3 1/2-1/2

[Event "Frankfurt Ch B 2015"]
[Site "Ffm-Höchst, BiKuZ"]
[Date "2015.06.08"]
[Round "6.2"]
[White "Schneider, Kevin"]
[Black "Mayer, Andreas"]
[Result "1/2-1/2"]
[WhiteElo "1228"]
[BlackElo "1478"]
[PlyCount "93"]
[EventDate "2015.??.??"]
[WhiteTeam "SC Breuberg"]
[BlackTeam "SF Frankfurt"]

1. e4 c5 2. Nf3 d6 3. Bb5+ Nc6 4. Bxc6+ bxc6 5. d4 cxd4 6. Nxd4 c5 7. Nf3 g6 8.
e5 d5 9. O-O Bg7 10. c3 e6 11. Bg5 Ne7 12. Qa4+ Qd7 13. Qf4 Ng8 14. Nbd2 h6 15.
Bf6 g5 16. Qe3 Nxf6 17. exf6 Bxf6 18. Qxc5 Be7 19. Qd4 f6 20. Qd3 Kf7 21. Rfe1
Qc7 22. Rac1 Qb6 23. Nb3 Ba6 24. Qd1 Rad8 25. Nfd4 Bc8 26. Qh5+ Kf8 27. Qg6 e5
28. Nf5 Bxf5 29. Qxf5 Kg7 30. Re3 Qb7 31. Rd1 Qd7 32. Qxd7 Rxd7 33. Red3 Rhd8
34. f3 Kf7 35. Kf1 Ke6 36. Na5 Rb8 37. Nb3 Rd6 38. Nc5+ Kf5 39. Nb3 Ke6 40.
Nc5+ Kf7 41. Nb3 Ra6 42. Rxd5 Rxa2 43. Na5 Rbxb2 44. Nc6 Rxg2 45. Rd7 Raf2+ 46.
Ke1 Re2+ 47. Kf1 1/2-1/2

[Event "Frankfurt Ch B 2015"]
[Site "Ffm-Höchst, BiKuZ"]
[Date "2015.06.08"]
[Round "6.3"]
[White "Both, Günter"]
[Black "Urbach, Jens"]
[Result "1-0"]
[WhiteElo "1421"]
[BlackElo "1408"]
[PlyCount "39"]
[EventDate "2015.??.??"]
[WhiteTeam "SK Bischofsheim"]
[BlackTeam "SF Frankfurt"]

1. e4 e6 2. d4 d5 3. exd5 exd5 4. Bd3 Nf6 5. Ne2 c5 6. dxc5 Bxc5 7. O-O O-O 8.
Bf4 Qb6 9. b3 Ng4 10. Bg3 Nc6 11. c3 a5 12. Nd2 h5 13. Nf3 Re8 14. Ned4 Nxd4
15. Nxd4 Kh8 16. Bc2 Be6 17. h3 Nh6 18. Be5 Bxd4 19. Bxd4 Rad8 20. Bxb6 1-0

[Event "Frankfurt Ch B 2015"]
[Site "Ffm-Höchst, BiKuZ"]
[Date "2015.06.08"]
[Round "6.6"]
[White "Herwig-Päutz, Martin"]
[Black "Klinke, Roland"]
[Result "1-0"]
[WhiteElo "1320"]
[BlackElo "1076"]
[PlyCount "55"]
[EventDate "2015.??.??"]
[WhiteTeam "SF Friedberg"]
[BlackTeam "TuS Dotzheim"]

1. e4 c5 2. Nf3 d6 3. Bb5+ Bd7 4. a4 Nf6 5. Nc3 g6 6. d4 a6 7. Bxd7+ Nbxd7 8.
O-O Bg7 9. Bg5 h6 10. Bh4 O-O 11. Qd2 Kh7 12. Rad1 cxd4 13. Nxd4 Qc7 14. b4
Rac8 15. Bxf6 Bxf6 16. Nd5 Qb8 17. Nxf6+ Nxf6 18. Qd3 Rc7 19. c4 Nd7 20. f4 Qc8
21. Rc1 Nb6 22. f5 g5 23. f6 Nxa4 24. e5+ Kg8 25. fxe7 Rxe7 26. Rf6 Kg7 27.
Nf5+ Kh8 28. Rxh6+ 1-0

[Event "Frankfurt Ch B 2015"]
[Site "Ffm-Höchst, BiKuZ"]
[Date "2015.06.08"]
[Round "6.7"]
[White "Klein, Simon"]
[Black "Wöhl, Torsten"]
[Result "0-1"]
[WhiteElo "1028"]
[BlackElo "1307"]
[PlyCount "52"]
[EventDate "2015.??.??"]
[WhiteTeam "SF Frankfurt"]
[BlackTeam "SC Groß-Zimmern"]

1. Nf3 e6 2. e4 d5 3. exd5 exd5 4. c4 Nf6 5. d3 dxc4 6. Qa4+ Nc6 7. dxc4 Bd7 8.
Qc2 Bc5 9. b4 Bxb4+ 10. Bd2 Bc5 11. Qb3 Ne4 12. Be3 Bb4+ 13. Nbd2 Qf6 14. Rc1
Nc5 15. Bxc5 Bxc5 16. Qxb7 Rb8 17. Qxc7 Bd6 18. Ne4 Bxc7 19. Nxf6+ gxf6 20. Rd1
Ba5+ 21. Nd2 Rb2 22. Bd3 Ne5 23. Ke2 Ba4 24. f4 Nxd3 25. Kxd3 Bxd1 26. Rxd1 O-O
0-1

[Event "Frankfurt Ch B 2015"]
[Site "Ffm-Höchst, BiKuZ"]
[Date "2015.06.08"]
[Round "6.12"]
[White "Goodwin, David"]
[Black "Hartwig, Horst"]
[Result "1-0"]
[WhiteElo "1403"]
[BlackElo "1156"]
[PlyCount "49"]
[EventDate "2015.??.??"]
[WhiteTeam "SV Kelsterbach"]
[BlackTeam "TuS Hausen"]

1. Nf3 d5 2. g3 Nc6 3. Bg2 e5 4. d3 Nf6 5. O-O h6 6. Nbd2 Bf5 7. Nh4 Bh7 8. e4
d4 9. Nhf3 g5 10. Nc4 Qe7 11. c3 O-O-O 12. a4 a5 13. Qc2 Qc5 14. Bd2 Bg7 15. b4
axb4 16. cxb4 Nxb4 17. Bxb4 Qxb4 18. Rfb1 Qe7 19. Qb2 b6 20. a5 Kd7 21. Qb5+
Ke6 22. Nfxe5 Nd5 23. exd5+ Rxd5 24. Bxd5+ Kf5 25. Be4+ 1-0

[Event "Frankfurt Ch B 2015"]
[Site "Ffm-Höchst, BiKuZ"]
[Date "2015.06.08"]
[Round "6.14"]
[White "Peschk, Kathrin"]
[Black "Al-Butmeh, Firas"]
[Result "0-1"]
[WhiteElo "1156"]
[BlackElo "822"]
[PlyCount "76"]
[EventDate "2015.??.??"]
[WhiteTeam "SV Groß-Gerau"]
[BlackTeam "Frankfurter TV"]

1. e4 e5 2. Nf3 Nc6 3. Bc4 Bc5 4. Nc3 Nf6 5. d3 O-O 6. O-O h6 7. Be3 d6 8. Na4
Bb6 9. Nxb6 axb6 10. Qd2 Qe7 11. c3 Be6 12. Bb3 Na5 13. Bc2 c5 14. d4 Nc4 15.
Qd1 Nxb2 16. Qc1 Nc4 17. d5 Bd7 18. Bd3 Bb5 19. Bxc4 Bxc4 20. Re1 Nxe4 21. Bxh6
Bxd5 22. Ng5 f5 23. Nxe4 fxe4 24. Qg5 Qxg5 25. Bxg5 Rxa2 26. Rxa2 Bxa2 27. Be7
Re8 28. Bxd6 Bd5 29. Rd1 Bc6 30. Bc7 b5 31. h3 Kf7 32. g3 b4 33. cxb4 c4 34.
Kf1 Re6 35. Ke2 Bb5 36. f4 c3+ 37. Ke3 exf4+ 38. Bxf4 Bd3 0-1

[Event "Frankfurt Ch B 2015"]
[Site "Ffm-Höchst, BiKuZ"]
[Date "2015.06.08"]
[Round "6.19"]
[White "Dröser, Wolfgang"]
[Black "Müller, Britta"]
[Result "1-0"]
[WhiteElo "1116"]
[BlackElo "860"]
[PlyCount "51"]
[EventDate "2015.??.??"]
[WhiteTeam "SF Frankfurt"]
[BlackTeam "SC Diez"]

1. b3 d5 2. Bb2 Nf6 3. e3 c6 4. Be2 Qc7 5. Nf3 Bg4 6. Ne5 Bxe2 7. Qxe2 e6 8. f4
Nbd7 9. O-O Bd6 10. d4 Bxe5 11. fxe5 Ne4 12. Nc3 Nxc3 13. Bxc3 O-O-O 14. Rxf7
Rhg8 15. Bb4 c5 16. dxc5 Rdf8 17. Rxf8+ Rxf8 18. c6 Qxe5 19. cxd7+ Kxd7 20. Re1
Rf6 21. Qb5+ Kc7 22. Qc5+ Kb8 23. Qe7 Kc8 24. Qe8+ Kc7 25. Qe7+ Kc8 26. Bd6 1-0

[Event "Frankfurt Ch B 2015"]
[Site "Ffm-Höchst, BiKuZ"]
[Date "2015.06.08"]
[Round "6.21"]
[White "Häfner, Günther"]
[Black "Lochmann, Tobias"]
[Result "1-0"]
[WhiteElo "780"]
[BlackElo "723"]
[PlyCount "53"]
[EventDate "2015.??.??"]
[WhiteTeam "TSG Nieder-Erlenbach"]
[BlackTeam "SV Groß-Gerau"]

1. e4 e5 2. Nf3 Nc6 3. Nc3 Bc5 4. Bc4 Nh6 5. O-O O-O 6. d3 Nd4 7. Bxh6 gxh6 8.
Nxe5 Qe7 9. Nf3 d6 10. Nxd4 Bxd4 11. Rb1 Be6 12. Ne2 Bb6 13. Kh1 c6 14. Bxe6
Qxe6 15. b3 Bc7 16. Nd4 Qe5 17. Nf5 Qf6 18. Qg4+ Kh8 19. Qf4 Rg8 20. Rbe1 Qg6
21. Rg1 Rac8 22. Ne7 Qg7 23. Nxg8 Qxg8 24. Qxh6 Ba5 25. Re3 Bb6 26. Rg3 Qd8 27.
Qg7# 1-0

[Event "Frankfurt Ch A 2015"]
[Site "Ffm-Höchst, BiKuZ"]
[Date "2015.06.15"]
[Round "7.1"]
[White "Milov, Leonid"]
[Black "Khenkin, Igor"]
[Result "0-1"]
[WhiteElo "2396"]
[BlackElo "2578"]
[PlyCount "94"]
[EventDate "2015.??.??"]
[WhiteTeam "SC Noris-Tarrasch Nürnberg"]
[BlackTeam "SG Porz"]

1. e4 e6 2. Nf3 d5 3. Nc3 Nf6 4. e5 Nfd7 5. d4 c5 6. Ne2 Nc6 7. c3 Qb6 8. g3
cxd4 9. cxd4 Bb4+ 10. Bd2 f6 11. exf6 Nxf6 12. Bg2 Bxd2+ 13. Qxd2 Ne4 14. Qc2
Qa5+ 15. Nc3 O-O 16. Rd1 Nb4 17. Qb3 Nxc3 18. Qxc3 Bd7 19. O-O Rac8 20. Qb3 Ba4
21. Qa3 Nc2 22. Qd6 Rc6 23. Qe5 h6 24. Rd2 Rxf3 25. Rxc2 Rf5 26. Rxc6 Rxe5 27.
Rc8+ Kh7 28. dxe5 Bd7 29. Rc2 Qxa2 30. f4 Qb3 31. Rd2 Qe3+ 32. Rff2 Qe1+ 33.
Bf1 Bb5 34. Rc2 d4 35. Rc5 d3 36. Rxb5 d2 37. Rxd2 Qxd2 38. Rb3 Qd4+ 39. Kg2
Qd5+ 40. Rf3 g5 41. h3 Kg7 42. b3 b5 43. Kf2 a5 44. Rd3 Qc5+ 45. Kf3 a4 46.
bxa4 bxa4 47. Rd6 a3 0-1

[Event "Frankfurt Ch A 2015"]
[Site "Ffm-Höchst, BiKuZ"]
[Date "2015.06.15"]
[Round "7.2"]
[White "Poetsch, Hagen"]
[Black "Kaiser, Elmar"]
[Result "1-0"]
[WhiteElo "2464"]
[BlackElo "2172"]
[PlyCount "81"]
[EventDate "2015.??.??"]
[WhiteTeam "SF Schöneck"]
[BlackTeam "SK Tauberbischofsheim"]

1. g3 e5 2. c4 Nf6 3. Bg2 d5 4. cxd5 Nxd5 5. Nf3 Nc6 6. O-O Nb6 7. Nc3 Be7 8.
a3 O-O 9. b4 Be6 10. Rb1 f6 11. d3 a5 12. b5 Nd4 13. Nd2 Qc8 14. e3 Nf5 15. Qc2
Rd8 16. Rd1 a4 17. Nc4 Nd6 18. Nxb6 cxb6 19. Rd2 Nf5 20. Bb2 Bb3 21. Qc1 Qd7
22. Bh3 Be6 23. Qd1 Nd6 24. Bxe6+ Qxe6 25. Bc1 Ra5 26. Rb4 Rc8 27. Bb2 Rc5 28.
d4 Rxc3 29. Bxc3 Nxb5 30. d5 Qc8 31. d6 Nxd6 32. Bb2 Rc5 33. Rxd6 Bxd6 34. Qxd6
Rc2 35. Qxb6 Qf5 36. e4 Qf3 37. Qe3 Qd1+ 38. Kg2 Rd2 39. Qf3 Qc2 40. Rxb7 Qc8
41. Rb4 1-0

[Event "Frankfurt Ch A 2015"]
[Site "Ffm-Höchst, BiKuZ"]
[Date "2015.06.15"]
[Round "7.3"]
[White "Minor, Samuel"]
[Black "Reschke, Stefan"]
[Result "0-1"]
[WhiteElo "2131"]
[BlackElo "2259"]
[PlyCount "87"]
[EventDate "2015.??.??"]
[WhiteTeam "Wiesbadener SV"]
[BlackTeam "SV Oberursel"]

1. e4 g6 2. d4 c6 3. Nc3 d5 4. h3 dxe4 5. Nxe4 Bg7 6. Nf3 Nf6 7. Nxf6+ exf6 8.
Bf4 O-O 9. Qd2 Re8+ 10. Be2 Na6 11. O-O Nc7 12. Rfe1 Bf5 13. Bd3 Rxe1+ 14. Rxe1
Bxd3 15. Bxc7 Qxc7 16. Qxd3 Qd6 17. Qe2 Bf8 18. c3 Qd5 19. c4 Qa5 20. b3 Rd8
21. Rd1 Kg7 22. Rd3 Qa3 23. d5 Qd6 24. Ne1 c5 25. Re3 Qd7 26. Nf3 Bd6 27. Nd2
b6 28. Nf3 a6 29. a4 Rb8 30. Qd3 b5 31. axb5 axb5 32. cxb5 Rxb5 33. g3 Rb4 34.
Kg2 Qb7 35. Qd1 Qa8 36. Rd3 Qa6 37. Qc2 h5 38. Nd2 h4 39. g4 Qc8 40. Nc4 Qd7
41. Qc3 Bf4 42. Kf3 g5 43. Kg2 Rb8 44. Nd2 0-1

[Event "Frankfurt Ch A 2015"]
[Site "Ffm-Höchst, BiKuZ"]
[Date "2015.06.15"]
[Round "7.4"]
[White "Henrich, Thomas"]
[Black "Rondonuwu, Grover"]
[Result "1/2-1/2"]
[WhiteElo "2171"]
[BlackElo "1894"]
[PlyCount "138"]
[EventDate "2015.??.??"]
[WhiteTeam "SK Marburg"]
[BlackTeam "Frankfurter TV"]

1. d4 Nf6 2. c4 e6 3. Nc3 d5 4. Bg5 Be7 5. e3 Nbd7 6. Nf3 c6 7. Qc2 h6 8. Bf4
b6 9. cxd5 exd5 10. h3 Bb7 11. Bd3 O-O 12. O-O Re8 13. Rad1 Rc8 14. Bf5 Bf8 15.
Ne5 a6 16. Qe2 g6 17. Bd3 b5 18. Qf3 Nxe5 19. Bxe5 Nd7 20. Bf4 Qf6 21. Qg4 Qe6
22. Qg3 c5 23. a3 Bg7 24. h4 Nf6 25. dxc5 Rxc5 26. Bd6 Rcc8 27. Bb4 Ne4 28.
Bxe4 dxe4 29. Rd6 Qf5 30. Rb6 Be5 31. Qh3 Qxh3 32. gxh3 Rb8 33. Bd6 Bxd6 34.
Rxd6 Rbd8 35. Rfd1 Rxd6 36. Rxd6 Re7 37. h5 Kg7 38. hxg6 fxg6 39. Ne2 Bc8 40.
h4 Rc7 41. Nf4 g5 42. Nh5+ Kf7 43. Rxh6 Rc1+ 44. Kg2 gxh4 45. Nf4 Bg4 46. Kh2
Bf3 47. Ng2 Rf1 48. Nxh4 Rxf2+ 49. Kg3 Rxb2 50. Rxa6 Ra2 51. Ra5 Be2 52. Kf4
Bd3 53. Ke5 Rc2 54. Ra7+ Ke8 55. Kd6 Bf1 56. Re7+ Kd8 57. Rxe4 Rc3 58. Nf5 Bd3
59. Re5 Bxf5 60. Rxf5 Rd3+ 61. Rd5 Rxe3 62. Kc5+ Kc7 63. Kb4 Kc6 64. Rc5+ Kb6
65. Rxb5+ Ka6 66. Ra5+ Kb6 67. Rb5+ Ka6 68. Ra5+ Kb6 69. Rb5+ Ka6 1/2-1/2

[Event "Frankfurt Ch A 2015"]
[Site "Ffm-Höchst, BiKuZ"]
[Date "2015.06.15"]
[Round "7.5"]
[White "Reimer, Otto"]
[Black "Schwenkreis, Thomas"]
[Result "0-1"]
[WhiteElo "1791"]
[BlackElo "2031"]
[PlyCount "114"]
[EventDate "2015.??.??"]
[WhiteTeam "SK Bad Homburg"]
[BlackTeam "SC Brett vorm Kopp"]

1. e4 e5 2. Nf3 Nc6 3. Bb5 Nge7 4. c3 g6 5. d3 Bg7 6. Be3 O-O 7. Qd2 a6 8. Ba4
b5 9. Bb3 Na5 10. Bc2 Re8 11. Bh6 d6 12. Bxg7 Kxg7 13. h3 c5 14. O-O f6 15. a4
Rb8 16. b4 Nac6 17. axb5 axb5 18. Bb3 cxb4 19. cxb4 d5 20. Re1 dxe4 21. Rxe4
Nf5 22. Nc3 Ncd4 23. Nxd4 Nxd4 24. Bd5 Re7 25. Ra5 Qd6 26. Qb2 Bf5 27. Re3 Rc7
28. Be4 Be6 29. g4 Kh8 30. Bg2 Qd8 31. Ne4 Rc2 32. Qb1 Bd5 33. Ra6 Bxe4 34.
Rxe4 Rbc8 35. Re1 Ne2+ 36. Kh1 Qd4 37. Rf1 Rc1 38. Ra8 Rxa8 39. Rxc1 Rd8 40.
Rf1 Nf4 41. Be4 Nxh3 42. Qc2 Nf4 43. Qc6 Rd6 44. Qe8+ Kg7 45. Qe7+ Kh6 46. g5+
fxg5 47. Rg1 Rd7 48. Qxg5+ Kg7 49. Rf1 Rf7 50. Qg3 Nh5 51. Qh2 Nf6 52. Re1 Ng4
53. Qg3 Nxf2+ 54. Kg2 Rf4 55. Re2 Rg4 56. Rxf2 Rxg3+ 57. Kxg3 Qxb4 0-1

[Event "Frankfurt Ch A 2015"]
[Site "Ffm-Höchst, BiKuZ"]
[Date "2015.06.15"]
[Round "7.7"]
[White "Rolf, Marco"]
[Black "Stockmann, Michael"]
[Result "0-1"]
[WhiteElo "1913"]
[BlackElo "2193"]
[PlyCount "48"]
[EventDate "2015.??.??"]
[WhiteTeam "SK Bad Homburg"]
[BlackTeam "SF Schöneck"]

1. d4 Nf6 2. c4 e6 3. Nc3 Bb4 4. Qc2 c5 5. e3 d5 6. Nf3 Nc6 7. a3 Bxc3+ 8. Qxc3
Ne4 9. Qc2 Qa5+ 10. Bd2 Nxd2 11. Qxd2 Qxd2+ 12. Kxd2 cxd4 13. exd4 dxc4 14.
Bxc4 O-O 15. Rad1 Rd8 16. Kc3 Ne7 17. Rhe1 Kf8 18. Re5 b6 19. d5 Bb7 20. d6
Nd5+ 21. Bxd5 Bxd5 22. Rexd5 Rac8+ 23. Kd4 exd5 24. Kxd5 Rxd6+ 0-1

[Event "Frankfurt Ch A 2015"]
[Site "Ffm-Höchst, BiKuZ"]
[Date "2015.06.15"]
[Round "7.8"]
[White "Reschke, Thomas"]
[Black "Rudolph, Lukas"]
[Result "1/2-1/2"]
[WhiteElo "2054"]
[BlackElo "1899"]
[PlyCount "42"]
[EventDate "2015.??.??"]
[WhiteTeam "SC Frankfurt-West"]
[BlackTeam "SK Niederbrechen"]

1. g3 d5 2. Bg2 c6 3. d3 Nf6 4. Nd2 g6 5. e4 dxe4 6. dxe4 Bg7 7. Ne2 O-O 8. O-O
Nbd7 9. h3 Nb6 10. c3 Bd7 11. Qc2 Qc8 12. Kh2 c5 13. b3 Bc6 14. Ba3 Nbd7 15.
Rad1 b6 16. Nc4 Qb7 17. f3 a5 18. Nf4 a4 19. e5 axb3 20. axb3 Nxe5 21. Nxe5
Rxa3 1/2-1/2

[Event "Frankfurt Ch A 2015"]
[Site "Ffm-Höchst, BiKuZ"]
[Date "2015.06.15"]
[Round "7.9"]
[White "Kellerwessel, Ralf"]
[Black "Fucik, Timo"]
[Result "0-1"]
[WhiteElo "1913"]
[BlackElo "2023"]
[PlyCount "78"]
[EventDate "2015.??.??"]
[WhiteTeam "SC Bad Soden"]
[BlackTeam "SK Ettlingen"]

1. e4 c5 2. Nc3 Nc6 3. Bb5 Nd4 4. Bc4 d6 5. d3 Nf6 6. Nge2 a6 7. Nxd4 cxd4 8.
Ne2 e5 9. O-O Be7 10. f4 O-O 11. Ng3 d5 12. Bb3 Bg4 13. Qe1 exf4 14. Bxf4 dxe4
15. dxe4 Qb6 16. Kh1 Rad8 17. h3 Be6 18. Qf2 Bc5 19. Qf3 d3 20. Bg5 Bxb3 21.
cxb3 Bd4 22. Rad1 Bxb2 23. Rxd3 Rxd3 24. Qxd3 h6 25. Be3 Qe6 26. Bf4 Re8 27.
Re1 Be5 28. Bxe5 Qxe5 29. Qf3 g6 30. Rf1 Kg7 31. h4 Re7 32. Re1 h5 33. Re2 Ng4
34. Re1 Re6 35. Kg1 Qd4+ 36. Kh1 Qe5 37. Kg1 Qd4+ 38. Kh1 Rf6 39. Qe2 Qe5 0-1

[Event "Frankfurt Ch A 2015"]
[Site "Ffm-Höchst, BiKuZ"]
[Date "2015.06.15"]
[Round "7.10"]
[White "Kretner, Georg-Ulrich"]
[Black "Perlitz, Sven"]
[Result "1-0"]
[WhiteElo "1874"]
[BlackElo "1997"]
[PlyCount "77"]
[EventDate "2015.??.??"]
[WhiteTeam "SC Bad Nauheim"]
[BlackTeam "SC Nied"]

1. d4 Nf6 2. Nf3 g6 3. c4 Bg7 4. g3 d5 5. cxd5 Nxd5 6. Bg2 Nb6 7. O-O Nc6 8.
Nc3 O-O 9. a4 Nxd4 10. Nxd4 Qxd4 11. a5 Nc4 12. a6 Rb8 13. Nd5 Qc5 14. Qc2 Be6
15. Be3 Qb5 16. Nxe7+ Kh8 17. Bxa7 bxa6 18. Bxb8 Rxb8 19. Nc6 Rb6 20. Qd3 Bxb2
21. Qd8+ Kg7 22. Nd4 Qc5 23. Nxe6+ Rxe6 24. Rad1 Rd6 25. Qa8 a5 26. Rxd6 Qxd6
27. Rb1 Qe5 28. Qd5 Nb6 29. Qxe5+ Bxe5 30. Rb5 Bc3 31. Rc5 Bb4 32. Rxc7 a4 33.
Rc6 Ba5 34. Rc5 Bd2 35. Rb5 Nc4 36. Bd5 Nd6 37. Rb6 Nc8 38. Ra6 Bc3 39. Ba2 1-0